| 000 | 00512nam a22001697a 4500 | ||
|---|---|---|---|
| 003 | CEME | ||
| 005 | 20210628203613.0 | ||
| 008 | 210203b xxu||||| |||| 00| 0 eng d | ||
| 040 | _c. | ||
| 082 | _a297.1227 TAF | ||
| 100 |
_aMaj Muhammad Ishtiaq Khan, Maj Aamir Bashir _966501 |
||
| 245 | _aTafsir - ul - quran, translation and commentary of the holy quran | ||
| 250 | _a4VOLS | ||
| 260 |
_aLAHORE _bDAR-UL-ISHAAT _c1991 |
||
| 650 |
_aISLAM-TAFSEER-UL- QURAN.ISLAM-TAFSEER-E-MAJADI _966502 |
||
| 942 |
_cBK _2ddc |
||
| 999 |
_c574470 _d574470 |
||